[Event "Torneo Mediolanum a squadre"]
[Site "Milano ITA"]
[Date "1974.02.??"]
[Round "4"]
[White "Cosulich, Roberto"]
[Black "Tompa, Janos"]
[Result "1-0"]
[WhiteElo "2430"]
[BlackElo "2450"]
[Annotator "ITA-HUN"]
[PlyCount "109"]
[EventDate "1974.02.11"]

1. e4 c5 2. Nf3 e6 3. Nc3 a6 4. d4 cxd4 5. Nxd4 Qc7 6. Bd3 Nc6 7. Nb3 Nf6 8. f4
d6 9. Qf3 Be7 10. O-O O-O 11. Bd2 Bd7 12. Rae1 Nb4 13. g4 Bc6 14. g5 Nxd3 15.
cxd3 Nd7 16. d4 e5 17. d5 Bb5 18. Nxb5 axb5 19. f5 g6 20. Qh3 f6 21. fxg6 hxg6
22. Rc1 Qd8 23. Qh6 Rf7 24. Qxg6+ Rg7 25. Qf5 Nf8 26. Kh1 fxg5 27. Qg4 Qd7 28.
Qxd7 Nxd7 29. Rc7 Nf8 30. a3 Bd8 31. Rxg7+ Kxg7 32. Bb4 Ra6 33. Rc1 Kf7 34. Rc8
Ke7 35. Rb8 b6 36. Bxd6+ Kxd6 37. Rxd8+ Nd7 38. Rg8 Ra4 39. Rg6+ Ke7 40. Nd2
Rd4 41. Nf3 Rxe4 42. Nxg5 Re1+ 43. Kg2 Re2+ 44. Kg3 Rxb2 45. d6+ Kf8 46. h4 Ra2
47. Kg4 Rxa3 48. Kf5 Ke8 49. Rg8+ Nf8 50. Rg7 Ra4 51. Re7+ Kd8 52. Nf7+ Kc8 53.
Re8+ Kd7 54. Rd8+ Kc6 55. Rxf8 1-0

[Event "Torneo Mediolanum a squadre"]
[Site "Milano ITA"]
[Date "1974.02.??"]
[Round "4"]
[White "Haag, Ervin"]
[Black "Micheli, Carlo"]
[Result "1-0"]
[WhiteElo "2420"]
[BlackElo "2315"]
[Annotator "ITA-HUN"]
[PlyCount "85"]
[EventDate "1974.02.11"]

1. e4 c5 2. Nf3 d6 3. d4 cxd4 4. Nxd4 Nf6 5. Nc3 a6 6. Be2 e5 7. Nb3 Be6 8. O-O
Nbd7 9. f4 Qc7 10. Be3 Be7 11. a4 O-O 12. Kh1 b6 13. f5 Bc4 14. Bg5 Rfc8 15.
Nd2 Bxe2 16. Qxe2 h6 17. Bxf6 Nxf6 18. Rfe1 Qb7 19. Qd3 Rc6 20. Nd5 Rac8 21. c3
a5 22. Rad1 Bd8 23. Nb1 Rc5 24. Nxf6+ Bxf6 25. Na3 Rd8 26. c4 Rcc8 27. Nb5 Rd7
28. b3 Qc6 29. Qd5 Qxd5 30. Rxd5 Be7 31. Red1 Rcd8 32. g3 f6 33. Nc3 Rb7 34.
Kg2 Kf7 35. Kf3 h5 36. Rb5 Rdd7 37. Nd5 Bd8 38. Ne3 Bc7 39. c5 Rb8 40. c6 Rdd8
41. Nd5 Rdc8 42. Nxc7 Rxc7 43. Rxd6 1-0

[Event "Torneo Mediolanum a squadre"]
[Site "Milano ITA"]
[Date "1974.02.??"]
[Round "4"]
[White "Kozma, Julius"]
[Black "Sofrevski, Jovan"]
[Result "1/2-1/2"]
[WhiteElo "2380"]
[BlackElo "2440"]
[Annotator "TCH-YUG"]
[PlyCount "27"]
[EventDate "1974.02.11"]

1. d4 Nf6 2. c4 d6 3. Nf3 Nbd7 4. Nc3 e5 5. g3 c6 6. e4 exd4 7. Nxd4 Nb6 8. Qe2
Be7 9. Bg2 O-O 10. O-O Re8 11. h3 Bf8 12. Re1 d5 13. cxd5 Nfxd5 14. Nxd5
1/2-1/2